000 03973nam a22003977a 4500
008 090225t xxu||||| |||| 00| 0 eng d
010 _aB-278869-884
020 _a9788189988036
_c195.00
035 _aB-278869-884
037 _bSuper Book
040 _adpl
_bEnglish
082 _a230.3
100 _aChopra, Deepak
245 _aPower freedom and grace:
_cby Deepak Chopra
_bliving from the source of lasting happiness /
260 _aNew Delhi
_bHay House Publishers India
_c2008
270 _aMuskan Complex, Plot No. 3, B-2, Vasant Kunj,
_bNew Delhi
_e110070
_k91-11-4176-1620
_l91-11-4176-1630
_mwww.hayhouse.co.in
300 _aix, 220p.
_c20cm (pbk)
942 _2ddc
_cEN
_mCHO
_h230.3
999 _c25398
_d25398